00750cam a2200241 i 4500001000800000005001700008008004100025010001700066015000900083020005100092040001800143041000800161080001200169082001600181100000700197101000800204245005600212504005100268906004500319942001200364999001700376952011500393417334120180221035201.0790529s1979 enk b 001 0 eng  a 79040343  aGB79 a0198284225 (Oxford University Press) :c£6.50 aDLCcDLCdDLC aeng a300.92400a300.924 SKI1 a50 aSOC12aA system of social science :cby Andrew S. Skinner. aIncludes bibliographical references and index. a7bcbccorignewd1eocipf19gy-gencatlg 2ddccBK c42996d42996 00102udc40708PËKGa002b002cPËKGd2018-02-21l0o300.924 SKIp002-2999834r2018-02-21w2018-02-21yBK